000 00681nam a2200241Ia 4500
003 OSt
005 20220923222843.0
006 a|||||r|||| 00| 0
007 ta
008 220922b |||||||| |||| 00| 0 hin d
024 _a208,447
037 _cTextual
040 _aARTS
_cARTS
_bhin
041 _2hin
_ahin
082 _aO152,3N275,NA, L5
100 _aवैद, कृष्ण बलदेव
245 0 _aनसरीन
246 _aNasarīna
260 _c1975
650 _aहिन्दी साहित्य
_9156264
942 _hO152,3N275,NA, L5
_cTEXL
_2CC
999 _c359043
_d359043